Študijný program Obchodnej fakulty VŠE v Bratislave Školský rok 1985-86

Gespeichert in:
Bibliographische Detailangaben
Format: Buch
Sprache:Slowakisch
Veröffentlicht: Bratislava Rektorát VŠE 1985
Schlagworte:
Tags: Tag hinzufügen
Keine Tags, Fügen Sie das erste Tag hinzu!

MARC

LEADER 00000nam a2200000 4500
001 c019052
005 20250520123120.0
041 0 |a slo 
044 |a SK 
245 1 0 |a Študijný program Obchodnej fakulty VŠE v Bratislave  |b Školský rok 1985-86 
264 1 |a Bratislava  |b Rektorát VŠE  |c 1985 
300 |a 113 s.  |e 1 samostat. príl. 
610 2 0 |a školy vysoké 
610 2 0 |a štúdium vysokoškolské 
610 2 0 |a vzdelanie vysokoškolské 
610 2 0 |a programy študijné